000
00363nam a2200169Ia 4500
100
_a
Mahalakshmi/M
650
_a
Microcontroller
942
_c
BK
366
_f
20
654
_a
8051 mcirocontroller
245
_a
8051 Microcontroller architecture
260
_b
USP
_c
2012
082
_b
MAH
300
_a
218
546
_a
ENGLISH
_c
PAMPHALETS
999
_c
19802
_d
19802